Municipios de Guipúzcoa/Gipuzkoa en un mapa - Estadísticas

Estadísticas generales
  • Esta prueba ha sido intentada 31 veces
  • La puntuación promedio es 54 de 90
Respuestas en el mapa
Las respuestas están codificadas por una escala verde-roja en el mapa de la prueba según el % correcto abajo.
 
Estadísticas de respuestas
Respuesta % Correcto
Irún
100%
San Sebastián/Donostia
100%
Eibar
95%
Hondarribia
90%
Astigarraga
86%
Azkoitia
86%
Azpeitia
86%
Deba
86%
Elgoibar
86%
Hernani
86%
Oñati
86%
Pasaia
86%
Tolosa
86%
Zarautz
86%
Zumaia
86%
Andoain
81%
Aretxabaleta
81%
Beasaín
81%
Errenteria
81%
Getaria
81%
Lasarte/Oria
81%
Mondragón/Arrasate
81%
Mutriku
81%
Orio
81%
Aia
76%
Bergara
76%
Legazpi
76%
Urnieta
76%
Urretxu
76%
Usurbil
76%
Zestoa
76%
Zumarraga
76%
Idiazabal
71%
Legorreta
71%
Lezo
71%
Ordizia
71%
Zizurkil
71%
Antzuola
67%
Mendaro
67%
Oiartzun
67%
Ormaiztegi
67%
Placencia de las Armas/Soraluze
67%
Villabona/Amasa
67%
Zegama
67%
Aizarnazabal
62%
Elgeta
62%
Eskoriatza
62%
Ikaztegieta
62%
Itsaso
62%
Mutiloa
62%
Berastegi
57%
Gabiria
57%
Gaintza
57%
Itsasondo
57%
Abaltzisketa
52%
Anoeta
52%
Ataun
52%
Ezkio
52%
Leintz-Gatzaga
52%
Segura
52%
Amezketa
48%
Elduain
48%
Gaztelu
48%
Irura
48%
Lazkao
48%
Zaldibia
48%
Zerain
48%
Alegia
43%
Hernialde
43%
Orexa
43%
Albiztur
38%
Ibarra
38%
Lizartza
38%
Olaberria
38%
Arama
33%
Berrobi
33%
Errezil
33%
Larraul
33%
Altzaga
29%
Altzo
29%
Belauntza
29%
Aduna
24%
Baliarrain
24%
Bidania/Goiatz
24%
Mancomunidad de Enirio-Aralar/Enirio-Aralarko Mankomunitatea
24%
Orendain
24%
Alkiza
19%
Asteasu
19%
Beizama
19%
Leaburu
19%
No se encontraron pruebas coincidentes
Distribución de puntuación
Porcentaje de gente con cada puntuación
Porcentaje por número respondido
Historial de tus puntuaciones
No has intentado esta prueba.